000
00304nam a22001337a 4500
008
181023b xxu||||| |||| 00| 0 eng d
020
_a
2740249626880
041
_a
eng
080
_a
004
100
_a
37
101
_a
SHK
245
_a
Computer Organization And Design
_c
David.a
942
_2
udc
_c
BK
999
_c
50570
_d
50570